• 首页
  • 本馆介绍
  • 公告通知
  • 最新文献
  • 馆藏检索
  • 电子资源
  • 读者导购
  • 参考咨询
  • 我的图书馆
  • 登录
  • 详细信息显示
  • 放入我的书架
  • 预约/预借图书
  • 作者相关作品
  • 分类相关作品
  • 丛书相关作品
  • 出版社相关作品

书目信息

  • 表格格式
  • 工作单格式
  • 卡片格式
题名:
拖拉机使用与调整
    
 
作者: ;内蒙古自治区农牧业机械管理局 主编
分册:  
出版信息: 呼和浩特   内蒙古人民出版社  1973.12
页数: 314页
开本: 13cm
丛书名:
单 册:
中图分类: S232
科图分类:
主题词: 农业机械化
电子资源:
ISBN:
000 00602nam0 2200181 45
001 0405210918
005 20060417105725.06
010    @dCNY0.80
100    @a20040521d1973 km y0chiy0120 ea
101 0  @achi
200 1  @a拖拉机使用与调整@ATuo La Ji Shi Yong Yu Diao Zheng@f内蒙古自治区农牧业机械管理局主编@FNei Meng Gu Zi Zhi Qu Nong Mu Ye Ji Xie Guan Li Ju Zhu Bian
210    @a呼和浩特@c内蒙古人民出版社@d1973.12
215    @a314页@d13cm
606 0  @a农业机械化
690    @aS232@v3
711 02 @a内蒙古自治区农牧业机械管理局@4主编
801    @aCN@bPftUser@c20060417
905    @f1@b17334@f1@b17338@dS232@e6
    
    拖拉机使用与调整/内蒙古自治区农牧业机械管理局主编.-呼和浩特:内蒙古人民出版社,1973.12
    314页;13cm
    
    
    ISBN :CNY0.80
    
●
相关链接 在E读中查询图书 在五车中查询图书 在当当中查询图书 在豆瓣中查询图书


正题名:拖拉机使用与调整     索取号:S232/6         预约/预借

序号 登录号 条形码 馆藏地/架位号 状态 备注
1 0017332   202260819   密集书库/ [索取号:S232/6] 在馆    
2 0017334   000717978   第二样本阅览室/ [索取号:S232/6] 在馆    
3 0017336   202260800   密集书库/ [索取号:S232/6] 在馆    
4 0017337   202260766   密集书库/ [索取号:S232/6] 在馆    
5 0017338   000717987   第三借阅区/ [索取号:S232/6] 在馆    
6 0018103   202260775   密集书库/ [索取号:S232/6] 在馆    
唐山师范学院图书馆 欢迎您!
大连网信软件有限公司© 版权所有